Odd One Out: Classic Authors Quiz Stats

 Plays Quiz Updated Mar 7, 2016

Also try: Literary Grab Bag
Challenge
Share
Tweet
Embed
Score 0/12 Timer 05:00
0 Plays Today
Set Odd One Out % Correct
John Steinbeck???
88.1%
Stephen King???
84.2%
Edgar Allan Poe???
83.7%
Jane Austen???
83%
William Shakespeare???
78.5%
George Orwell???
63.8%
Henrik Ibsen???
60.9%
Charles Dickens???
60.4%
Virginia Woolf???
54.3%
Leo Tolstoy???
50.5%
Fyodor Dostoyevsky???
43.1%
Émile Zola???
27.8%

You're not logged in!

Compare scores with friends on all Sporcle quizzes.
Join for Free
OR
Log In

You Might Also Like...

Show Comments

Extras

Top Quizzes Today


Score Distribution

Your Account Isn't Verified!

In order to create a playlist on Sporcle, you need to verify the email address you used during registration. Go to your Sporcle Settings to finish the process.

Report this User

Report this user for behavior that violates our Community Guidelines.

Details: